Szczegóły MARC21

Muzyka w szkole XXI wieku : tradycja i współczesność : materiały z Ogólnopolskiej Konferencji Naukowej zorganizowanej przez Katedrę Edukacji Muzycznej w dniach 12-14 marca 2003 roku w Katowicach /

003 -Nazwa inst., której nr kontr. jest w polu 001 [,]
    • @
    • Nazwa instytucji, której n kontrolny jest w polu 001
    • NUKAT
005 -DATA I CZAS OSTATNIEJ MODYFIKACJI [,]
    • @
    • pole kontrolne
    • 20241231105750.0
020 -Międzynarod. znormalizowany nr książki - ISBN [ , ]
    • a
    • Numer ISBN
    • 8385679189 Find
040 -Instytucja sporządzająca opis [ , ]
    • a
    • Instytucja, która sporządziła opis (NP)
    • GD U/TZ
    • c
    • Instytucja, która sporządziła rekord (NP)
    • GD U/TZ
    • d
    • Instytucja, która zmodyfikowała rekord (P)
    • GD U/TZ
    • d
    • Instytucja, która zmodyfikowała rekord (P)
    • GD U/EPs
041 -Język dokumentu [0, ]
    • a
    • Język tekstu (P)
    • polski
    • b
    • Język streszczeń lub abstraktu (P)
    • rosyjski
942 -Rodzaj dokumentu [ , ]
    • c
    • Rodzaj dokumentu
    • Książka
245 -Strefa tytułu i oznaczenia odpowiedzialności [0,0]
    • a
    • Tytuł
    • Muzyka w szkole XXI wieku : Find
    • b
    • Ciąg dalszy tytułu (NP)
    • tradycja i współczesność : materiały z Ogólnopolskiej Konferencji Naukowej zorganizowanej przez Katedrę Edukacji Muzycznej w dniach 12-14 marca 2003 roku w Katowicach / Find
    • c
    • Pozostałe elementy strefy tytułu i oznaczenia odpowiedzialności (NP)
    • pod red. Leona Markiewicza ; Akademia Muzyczna im. Karola Szymanowskiego. Wydział Kompozycji, Teorii i Edukacji Muzycznej.
246 -Wariant tytułu [3, ]
    • a
    • Tytuł (NP)
    • Muzyka w szkole dwudziestego pierwszego wieku
260 -Strefa adresu wydawniczego [ , ]
    • a
    • Miejsce wydania (P)
    • Katowice :
    • b
    • Nazwa wydawcy (P)
    • AM,
    • c
    • Data wydania (P)
    • 2005.
300 -Strefa opisu fizycznego [ , ]
    • a
    • Określenie formy książki i/lub objętość (NP)
    • 389 s., [6] s. fot. :
    • b
    • Oznaczenie ilustracji (NP)
    • nuty, rys. ;
    • c
    • Format (NP)
    • 24 cm.
336 -Typ zawartości [ , ]
    • a
    • Termin opisujący typ zawartości
    • Tekst
    • b
    • Kod określający zawartość
    • txt
    • 2
    • Źródło (terminu i kodu)
    • rdacontent
337 -Typ mediów [ , ]
    • a
    • Tryb odtwarzania
    • Bez urządzenia pośredniczącego
    • b
    • Kod typu mediów
    • n
    • 2
    • Źródło (terminu i kodu)
    • rdamedia
338 -Typ/rodzaj nośnika [ , ]
    • a
    • Hasło opisujące typ nośnika
    • Wolumin
    • b
    • Kod typu nośnika
    • nc
    • 2
    • Źródło (terminu i kodu)
    • rdacarrier
490 -Strefa serii i książki wielotomowej - forma nie do wyszukiwania [1, ]
    • a
    • Tytuł (P)
    • Z Prac Katedry Edukacji Muzycznej Find
830 -Hasło dodatkowe serii i opisu książki wielotomowej - tytuł ujednolicony/tytuł [ ,0]
    • a
    • Tytuł ujednolicony/tytuł (NP)
    • Seria 3, Skrypty - Akademia Muzyczna im. Karola Szymanowskiego w Katowicach. Z Prac Katedry Edukacji Muzycznej
    • 9
    • KHW
    • 714794
504 -Uwaga dot. bibliogr. załącznikowej [ , ]
    • a
    • Uwaga dot. bibliografii załącznikowej
    • Bibliogr. przy rozdz.
080 -Uniwersalna Klasyfikacja Dziesiętna [ , ]
    • a
    • Symbol klasyfikacji
    • 372.878(438)"20"(061)
650 -Hasło przedmiotowe [ ,7]
    • a
    • Hasło przedmiotowe
    • Muzyka
    • x
    • Określnik rzeczowy
    • studia i nauczanie
    • v
    • Określnik formalny
    • konferencje.
    • 2
    • Źródło terminu
    • kaba
    • 9
    • KHW
    • 374420
980 -Symbol UKD [ , ]
    • a
    • UKD
    • 372.878(438)"20"(061)
700 -Hasło dodatkowe - nazwa osobowa [1, ]
    • a
    • Nazwa osobowa (NP)
    • Markiewicz, Leon Find
    • d
    • Daty biograficzne (NP)
    • (1928-2024).
    • e
    • Określenie rodzaju współpracy
    • Red.
    • 9
    • KHW
    • 243616
920 -ISBN [ , ]
    • a
    • ISBN
    • 83-85679-18-9 Find
Lokalizacja Data inwentaryzacji Status udost. Numer inwentarzowy
BG2005-07-281Pd.17010